Più vicino a Roma o Milano? - Statistics

Statistiche generali
  • Questo quiz è stato fatto 286 volte
  • Il punteggio medio è 23 su 30
Statistiche sulle risposte
Hint Risposta % Corretto
Genova Milano
96%
Frosinone Roma
95%
Brescia Milano
94%
Venezia Milano
93%
Terni Roma
93%
Bergano Milano
92%
Modena Milano
90%
La Spezia Milano
90%
Cagliari Roma
90%
Pescara Roma
90%
Parma Milano
89%
Perugia Roma
89%
Bologna Milano
88%
Ferrara Milano
87%
Ascoli Piceno Roma
86%
Ravenna Milano
81%
Ancona Roma
80%
Vitero Roma
80%
Grosseto Roma
75%
Arezzo Roma
75%
Pesaro Roma
71%
Siena Roma
67%
Forlì Milano
60%
Lucca Milano
58%
Prato Milano
57%
Firenze Roma
57%
Pisa Milano
44%
Livorno Milano
39%
Rimini Roma
32%
Cesena Roma
30%
Nessun quiz corrispondente trovato
Distribuzione punteggi
Percentuale di utenti per punteggio
Percentile per numero di risposta
I tuoi punteggi nel tempo
Non hai fatto questo quiz